| 000 | 00986nam a22002897a 4500 | ||
|---|---|---|---|
| 003 | CHAP | ||
| 005 | 20220329135044.0 | ||
| 008 | 971013s1973 mx r 00010 spa d | ||
| 010 | _a30216 | ||
| 011 | _a31188 | ||
| 035 | _a35300 | ||
| 040 | _cCHAP | ||
| 082 | 0 | 4 |
_a334 _bC6Y |
| 110 | 2 |
_aCooperative League of the U. S. A. Chicago, Ill. _927785 |
|
| 245 | 1 | _aAdministración moderna de cooperativas | |
| 260 |
_aMéxico : _bRoble, _c1973 |
||
| 300 | _a609 p. | ||
| 590 |
_aBATCH-UPD _b10 _c20130110 _lUCH01 _h2234 |
||
| 590 |
_aCONVERSION _b10 _c20130109 _lUCH01 _h1317 |
||
| 650 | 1 | 4 |
_aSociedades cooperativas _xColima. _9108124 |
| 901 | _aBK | ||
| 942 | _cLIBRO | ||
| 949 |
_a334 C6Y _bBC _cLIBRO _d33724000334488 _eLIBRO _fc.4 _h30484 _i35300 _si |
||
| 949 |
_a334 C6Y _bBC _cLIBRO _d33724000334496 _eLIBRO _fc.3 _h30483 _i35300 _mD _si |
||
| 949 |
_a334 C6Y _bBC _cLIBRO _d33724000334504 _eLIBRO _fc.2 _h30482 _i35300 _mD _si |
||
| 949 |
_a334 C6Y _bBC _cLIBRO _d33724000334512 _eLIBRO _h30481 _i35300 _mD _si |
||
| 999 |
_c30216 _d30216 |
||